000 00404nam a22001337a 4500
020 _a9780071078122
082 _a300.2
100 _aNarendar Singh
245 _aIndustrial Sociology
260 _aNew Delhi
_bTata McGraw Hill
_c2012
300 _a404p
942 _cBK
999 _c3074
_d3074